000 00483 a2200217 4500
260 _aNew-York
100 _aSTONE, Archie A.
700 _aGULVIN, Harold E.
260 _bJohn Wiley
245 _aMachines for power farming
300 _aIX, 533 p.
650 _a<Machines agricoles>
260 _c1977
300 _bill., fig. ; 24 cm
130 _lFr.
035 _a752
500 _aComprend un index
999 _c11515
_d11515